000 00541nam a2200217Ia 4500
003 OSt
005 20220928144025.0
006 a|||||r|||| 00| 0
007 ta
008 220927b |||||||| |||| 00| 0 eng d
024 _a23622
037 _cTextual
040 _aSDCL
_cSDCL
_beng
041 _2eng
_aeng
082 _aTv2'N7, L3
100 _aAod Luxmilal K
_9506392
245 0 _ashiksha ki darshnik prishthabhoomi.
260 _c1973
942 _hTv2'N7, L3
_cTEXL
_2CC
999 _c825567
_d825567